01113 2200457 4500001002100000005001500021035002000036007000300056008004100059020002200100082001000122084001400132245010000146250002100246260003900267300003200306650002400338110002700362710002000389504002600409990001100435990001100446990001100457990001100468990001100479990001100490990001100501990001100512990001100523990001100534990001100545990001100556990001100567990001100578990001100589990001100600990001100611990001100622990001100633990001100644INLIS00000000000585820200706093629 a0010-0720000026ta200706 g 0 ind  a978-602-5454-18-9 a153.9 a153.9 MOD1 aModul Resmi SKD+SKB CAT ASN/CPNS 2018-2019 /cTim Psikologi Salemba; penyunting, Tim Redaksi FE aed.revisi, cet.1 aYogyakarta :bForum Edukasi,c2018 a877 hlm. :bilus. ;c26 cm. 4aINTELIGENSI MANUSIA aTIM, Psikologi Salemba2 aTIM, Redaksi FE aBibliografi : hlm.877 a7462 a a7462 b a7462 c a7462 d a7462 e a7462 f a7462 g a7462 h a7462 i a7462 j a7462 d a7462 a a7462 b a7462 c a7462 e a7462 f a7462 g a7462 h a7462 i a7462 j